End Of Summer - Tame Impala (all lyrics) - Statistics

General Stats
  • This quiz has been taken 22 times
  • The average score is 283 of 323
Answer Stats
Answer % Correct
a
100%
about
100%
And
100%
and
100%
And-
100%
can
100%
Can
100%
Do
100%
do
100%
end
100%
feel
100%
I
100%
if
100%
(if
100%
it
100%
It
100%
it,
100%
know
100%
of
100%
out
100%
ran
100%
see
100%
summer
100%
the
100%
think
100%
'til
100%
time
100%
to
100%
to)
100%
waited
100%
when
100%
you
100%
you)
100%
act
93%
am
93%
be
93%
Everybody
93%
(everybody
93%
how
93%
(how
93%
in
93%
it's
93%
It's
93%
just
93%
Just
93%
knows
93%
knows)
93%
like
93%
mean
93%
moments
93%
on
93%
So
93%
(so
93%
surprised
93%
surprised)
93%
that
93%
these
93%
won't
93%
your
93%
believe,
86%
but
86%
don't
86%
enough
86%
friend
86%
hope
86%
I'll
86%
I'm
86%
means
86%
mind
86%
my
86%
need
86%
own,
86%
own
86%
still
86%
tomorrow?
86%
we
86%
worth
86%
bones,
79%
bones
79%
come
79%
doesn't
79%
Even
79%
feelin'
79%
not
79%
nothing,
79%
nothing
79%
overwhelming
79%
say
79%
seem
79%
sure
79%
uncaring
79%
was
79%
words
79%
would
79%
you'll
79%
deny
71%
ease
71%
goin'
71%
Goin'
71%
now
71%
arms
64%
around
64%
could
64%
for
64%
love
64%
Love
64%
Oh
64%
our
64%
put
64%
right
64%
through
64%
with
64%
'cause
57%
lives
57%
Living
57%
one
57%
regret
57%
thing
57%
beside
50%
I'ma
50%
make
50%
shadow
50%
wanna
50%
ya
50%
brighter
43%
lay
43%
shallow
43%
cast
36%
Fun
21%
No matching quizzes found
Score Distribution
Percent of People with Each Score
Percentile by Number Answered
Your Score History
You have not taken this quiz